|
|
|
|
| LEADER |
00000nab a2200000 ar4500 |
| 001 |
vtls008853200 |
| 003 |
SK-MaSNL |
| 005 |
20260303172319.0 |
| 008 |
061009c2006 xo mr|p|||||||000 b|slo |
| 015 |
|
|
|a SNBRB2006/10
|2 snkbucl
|
| 038 |
|
|
|a SNKBUCL
|
| 040 |
|
|
|a SNKBUCL
|b slo
|c SNKBUCL
|e AACR2
|
| 041 |
0 |
|
|a slo
|
| 044 |
|
|
|a xo
|c SK
|
| 080 |
|
|
|a 791.633-051
|2 2001
|
| 100 |
1 |
|
|a Ulman, Miro,
|d 1959-
|4 ivr
|4 aut
|9 104055
|
| 245 |
1 |
0 |
|a Každá príležitosť môže byť posledná
|c Miro Ulman, Dušan Trančík
|
| 300 |
|
|
|b Fotogr.
|
| 600 |
1 |
7 |
|a Trančík, Dušan,
|d 1946-
|2 snkbucl
|9 98583
|
| 700 |
1 |
|
|a Trančík, Dušan,
|d 1946-
|4 ive
|4 aut
|9 98583
|
| 773 |
0 |
|
|t Film.sk
|g Roč. 7, č. 10 (2006), s. 18-20
|x 1335-8286
|
| 852 |
|
|
|a SNK
|b KIS3GCP
|
| 958 |
|
|
|a SK
|
| 999 |
|
|
|c 2085884
|d 2087814
|